| 000 | 00660 a2200169 4500 | ||
|---|---|---|---|
| 003 | Nust | ||
| 005 | 20230316131247.0 | ||
| 040 | _cNust | ||
| 082 | _a355.009, COH | ||
| 100 |
_aCohen,Eliot A _948704 |
||
| 245 |
_aMilitary Misfortunes _bThe Anatomy of Failure in War _cEliot A Cohen |
||
| 260 |
_bServices Book Club _c1995 |
||
| 300 | _a296:p | ||
| 505 | _aWhy Misfortunes (Page-1), Understanding Disaster (Page-5), Analyzing Failure (Page-29), Failure to Learn (Page-59), Failure to Adapt (Page-95), Aggregate to Failure (Page-133), Catastrophic (Page-197), What Can Be Done (Page-231). | ||
| 650 |
_a Anatomy of Failure in War _9110433 |
||
| 942 |
_2ddc _cBK |
||
| 999 |
_c185090 _d185090 |
||